Hecho sin cuidarse mucho, por ociosidad : un manuscrito traductor de Alfonso Reyes /
Gardado en:
| Autor Principal: | |
|---|---|
| Formato: | Electrónico eBook |
| Idioma: | Lingua castelá |
| Publicado: |
Ciudad de México, México :
El Colegio de México,
2024.
|
| Edición: | Primera edición electrónica. |
| Series: | Estudios de traducción (El Colegio de México) ;
2. |
| Subjects: | |
| Acceso en liña: | Digitalia Hispánica |
| Tags: |
Engadir etiqueta
Sen Etiquetas, Sexa o primeiro en etiquetar este rexistro!
|
MARC
| LEADER | 00000nam a2200000Ii 4500 | ||
|---|---|---|---|
| 001 | DIGCOLMX0551 | ||
| 003 | NyNyDIG | ||
| 006 | m o d | ||
| 007 | cr ||||||||||| | ||
| 008 | 240808s2024 mx ob 000 0 spa d | ||
| 035 | |a (OCoLC)1450885780 | ||
| 040 | |a DGITA |b eng |e rda |e pn |c DGITA | ||
| 020 | |a 9786075645957 |q electrónico | ||
| 020 | |z 9786075645407 |q impreso | ||
| 050 | 1 | 4 | |a PQ6149 ebook |
| 100 | 1 | |a Madrigal, Elena, |e author. | |
| 245 | 1 | 0 | |a Hecho sin cuidarse mucho, por ociosidad : |b un manuscrito traductor de Alfonso Reyes / |c Elena Madrigal. |
| 250 | |a Primera edición electrónica. | ||
| 264 | 1 | |a Ciudad de México, México : |b El Colegio de México, |c 2024. | |
| 300 | |a 1 online resource. | ||
| 336 | |a text |b txt |2 rdacontent | ||
| 337 | |a computer |b c |2 rdamedia | ||
| 338 | |a online resource |b cr |2 rdacarrier | ||
| 347 | |a text file |2 rdaft | ||
| 347 | |b EPUB | ||
| 490 | 1 | |a Estudios de traducción ; |v II | |
| 504 | |a Includes bibliographical references. | ||
| 588 | 0 | |a Online resource; title from ePub title page (Digitalia, viewed August 8, 2024) | |
| 600 | 1 | 0 | |a Reyes, Alfonso, |d 1889-1959 |x Criticism and interpretation. |
| 600 | 1 | 0 | |a Reyes, Alfonso, |d 1889-1959 |x Correspondence. |
| 600 | 1 | 0 | |a Bell, Clive, |d 1881-1964 |v Translations into Spanish. |
| 600 | 1 | 0 | |a Uhland, Ludwig, |d 1787-1862 |v Translations into Spanish. |
| 600 | 1 | 0 | |a Tieck, Ludwig, |d 1773-1853 |v Translations into Spanish. |
| 600 | 1 | 0 | |a Torri, Julio, |d 1889-1970 |x Correspondence. |
| 791 | 2 | |a Digitalia (Firm), |e distributor. | |
| 793 | 0 | |g Digitalia eBook Collection: |a El Colegio de México | |
| 776 | 0 | 8 | |i Print version: |a Madrigal, Elena. |t Hecho sin cuidarse mucho, por ociosidad. |b Primera edición impresa. |d Ciudad de México, México : El Colegio de México, 2023 |z 9786075645407 |
| 830 | 0 | |a Estudios de traducción (El Colegio de México) ; |v 2. | |
| 856 | 4 | 0 | |3 Digitalia Hispánica |u https://digitalia.unach.elogim.com/a/157213/ |
| 910 | |a Premium collection: 2024 | ||